| 000 | 00837 a2200217 4500 | ||
|---|---|---|---|
| 010 | _aENG-85165 | ||
| 020 |
_a8175345209 _c475.00 |
||
| 035 | _aEN-68698 | ||
| 037 | _bD.B.Act / Pub | ||
| 082 | 1 | 4 | _a342.5411 |
| 090 |
_c1559 _d1559 |
||
| 100 | 1 | _aAnand, A. S. | |
| 245 | 1 |
_aThe constitution of Jammu & Kashmir _bits development & comments _cby A. S. Anand |
|
| 250 | _a5th ed. | ||
| 260 |
_aNew Delhi _bUniversal Law Publishing _c2006 |
||
| 270 |
_aC-FF-1A, Dilkhush Induatrial Estate, Opp. Hans Cinema, G. T. Karnal Raod, Azadpur _bDelhi _e110 033 _k011- 27438103, 011-27215334, 011-52381334 _l011-27458529 _medit@unilawbooks.com |
||
| 300 |
_axxxii, 511p. _b24 cm (Hb.) |
||
| 500 | _aIncludes index | ||
| 942 |
_adpl _cEN _k342.5411 / ANA |
||
| 999 |
_c1534 _d1534 |
||